Его императорскаго величества блаженныя и вечной славы достойныя памяти государя императора Петра Великаго всемилостивейшее учреждение и регламент или Устав Главнаго магистрата, по которому оной отправлять имеет. (Запись № 9697266)

Подробности
000 -МАРКЕР
контрольное поле 02807nam0a22003971 4500
001 - ИДЕНТИФИКАТОР ЗАПИСИ
контрольное поле RU\NLR\A1\25407
005 - ИДЕНТИФИКАТОР ВЕРСИИ
контрольное поле 20251223115034.0
035 ## - ДРУГИЕ СИСТЕМНЫЕ НОМЕРА
Идентификатор записи (NLR Aleph) 009679731
100 ## - ДАННЫЕ ОБЩЕЙ ОБРАБОТКИ
Данные общей обработки 19990513f17601770u a0rusy50 ca
101 0# - ЯЗЫК РЕСУРСА
Язык текста, звукозаписи и т.д. русский
102 ## - СТРАНА ПУБЛИКАЦИИ ИЛИ ПРОИЗВОДСТВА
Страна публикации Российская Федерация
200 1# - ЗАГЛАВИЕ И СВЕДЕНИЯ ОБ ОТВЕТСТВЕННОСТИ
Основное заглавие Его императорскаго величества блаженныя и вечной славы достойныя памяти государя императора Петра Великаго всемилостивейшее учреждение и регламент или Устав Главнаго магистрата, по которому оной отправлять имеет.
Сведения, относящиеся к заглавию Дан в Санктпетербурге генваря 16 дня 1721 года.
Первые сведения об ответственности [Вторично напечатан по высочайшему указу всепресветлейшия державнейшия великия государыни императрицы Елисаветы Петровны самодержицы всероссийския при Сенате 1743 года ноября 15 дня]
210 ## - ПУБЛИКАЦИЯ, РАСПРОСТРАНЕНИЕ И ДР.
Место издания, распространения и т.д. [М.
Имя издателя, распространителя и т. д. Сенат. тип.
Дата издания, распространения и т.д. Б.г.]
215 ## - ФИЗИЧЕСКАЯ ХАРАКТЕРИСТИКА
Специфическое обозначение материала и объем 35, [1] с.
Размеры
303 ## - ОБЩИЕ ПРИМЕЧАНИЯ, ОТНОСЯЩИЕСЯ К ОПИСАТЕЛЬНОЙ ИНФОРМАЦИИ
Текст примечания Без тит. л.
306 ## - ПРИМЕЧАНИЯ, ОТНОСЯЩИЕСЯ К ПУБЛИКАЦИИ, РАСПРОСТРАНЕНИЮ И ИСПОЛНЕНИЯ ИЗДАНИЯ
Текст примечания В конце Устава на с.18 вых. дан. изд., с которого сделана перепеч.: Печатаны в Санктпетербурге 1721 генваря в 28 день. Вторично напечатан по высочайшему указу имп. Елисаветы Петровны... при Сенате 1743 года ноября 15 дня
317 ## - ПРИМЕЧАНИЯ О ПРОИСХОЖДЕНИИ ЭКЗЕМПЛЯРА
Текст примечания Экз. ФБ РГПУ из собрания И. И. Дитятина
Организация и экземпляр, к которому относится поле ФБ РГПУ
321 1# - ПРИМЕЧАНИЯ ОБ ОТДЕЛЬНО ИЗДАННЫХ УКАЗАТЕЛЯХ / РЕФЕРАТАХ / ССЫЛКАХ, ОТРАЖАЮЩИХ КАТАЛОГИЗИРУЕМЫЙ ДОКУМЕНТ
Примечания об указателях, рефератах, ссылках СК XVIII 7636
327 0# - ПРИМЕЧАНИЯ О СОДЕРЖАНИИ
Текст примечания Магистратские пункты о купечестве 1723 года [!] (С.23-28)
517 1# - ДРУГИЕ ВАРИАНТЫ ЗАГЛАВИЯ
Вариант заглавия Учреждение и регламент или Устав Главнаго магистрата, по которому оной отправлять имеет
620 ## - МЕСТО И ДАТА ПУБЛИКАЦИИ, ИСПОЛНЕНИЯ И Т. Д.
Город Санкт-Петербург
702 #0 - ИМЯ ЛИЦА - ВТОРИЧНАЯ ОТВЕТСТВЕННОСТЬ
Связь между полями z01790
Начальный элемент ввода Елизавета Петровна
Дополнения к именам, кроме дат императрица российская
Даты 1709-1762
Идентификатор авторитетной/нормативной записи RU\NLR\AUTH\778655
Код отношения Заказчик, капиталовкладчик
702 #0 - ИМЯ ЛИЦА - ВТОРИЧНАЯ ОТВЕТСТВЕННОСТЬ
Начальный элемент ввода Петр
Дополнения к именам, кроме дат император российский
Римские цифры I
Даты 1672-1725
Идентификатор авторитетной/нормативной записи RU\NLR\AUTH\778862
Код отношения Подписавшее лицо
702 #1 - ИМЯ ЛИЦА - ВТОРИЧНАЯ ОТВЕТСТВЕННОСТЬ
Начальный элемент ввода Дитятин
Часть имени, кроме начального элемента ввода И. И.
Даты 1847-1892
Расширение инициалов личного имени Иван Иванович
Организация и экземпляр, к которому относится поле ФБ РГПУ
Код отношения Бывший владелец
712 02 - НАИМЕНОВАНИЕ ОРГАНИЗАЦИИ - ВТОРИЧНАЯ ОТВЕТСТВЕННОСТЬ
Начальный элемент ввода Сенатская типография
Идентифицирующий признак Петербург
Идентификатор авторитетной/нормативной записи RU\NLR\AUTH\889940127
Код отношения Печатник (типограф)
790 #0 - ИМЯ ЛИЦА - АЛЬТЕРНАТИВНАЯ ФОРМА
Связь между полями z02702
Начальный элемент ввода Елиcавета Петровна
801 #0 - ИСТОЧНИК ЗАПИСИ
Страна Российская Федерация
Организация NLR
Дата составления 19990513
852 ## - МЕСТОНАХОЖДЕНИЕ И ШИФР ХРАНЕНИЯ
Идентификатор организации NLR
Шифр хранения (Call Number) 18.78.2.278
852 ## - МЕСТОНАХОЖДЕНИЕ И ШИФР ХРАНЕНИЯ
Идентификатор организации NLR
Шифр хранения (Call Number) 140/608
899 ## - ДАННЫЕ О МЕСТОНАХОЖДЕНИИ (устаревшее)
Местонахождение РГБ
899 ## - ДАННЫЕ О МЕСТОНАХОЖДЕНИИ (устаревшее)
Местонахождение ФБ РГПУ
942 ## - ДОПОЛНИТЕЛЬНЫЕ ЭЛЕМЕНТЫ ЗАПИСИ (АБИС)
Тип экземпляра АБИС Книга
980 ## - КОЛЛЕКЦИЯ
Название коллекции Национальная библиография
980 ## - КОЛЛЕКЦИЯ
Название коллекции Русская книга гражданской печати XVIII в. в библиотеках РФ
Экземпляры
Тип экземпляра Дата поступления Библиотека постоянного хранения Библиотека текущего хранения Место хранения Шифр хранения Штрих-код Статус экземпляра
Книга 13.05.2016 РНБ (Садовая) РНБ (Садовая) Русский книжный фонд -Главное здание, Ленинский читальный зал 18.78.2.278 9679731-10